Top Five Capitals By Category #2 - Statistics

General Stats
  • This quiz has been taken 57,525 times
    8,902 since last reset
  • The average score is 29 of 44
Answer Stats
Categories Capital % Correct
Most Spanish speakers Mexico City
99%
Closest to Washington D.C. Ottawa
93%
Most Spanish speakers Buenos Aires
92%
Most Arabic speakers Cairo
92%
Lowest average yearly temperature / Most opera performances Moscow
92%
Most Olympics hosted / Most opera performances Paris
90%
Most Olympics hosted / Most opera performances London
89%
Most Spanish speakers Bogota
88%
Most Spanish speakers Lima
85%
Most Spanish speakers Santiago
85%
First alphabetically Abu Dhabi
84%
Most Olympics hosted Tokyo
84%
Most Olympics hosted / Tallest building Beijing
83%
Furthest from any other capital Canberra
83%
Lowest average yearly temperature / Furthest from any other capital Reykjavik
83%
Closest to Washington D.C. Havana
81%
Furthest from any other capital Wellington
81%
First alphabetically / Most Arabic speakers Algiers
76%
Most Arabic speakers Baghdad
76%
Lowest average yearly temperature Ulaanbaatar
76%
Most opera performances Berlin
73%
Closest to Washington D.C. Nassau
71%
Tallest building Seoul
65%
Closest to Washington D.C. Kingston
63%
Tallest building Kuala Lumpur
63%
Closest to Washington D.C. Port-au-Prince
62%
Lowest average yearly temperature Astana
61%
Most Olympics hosted Athens
60%
First alphabetically Addis Ababa
59%
Most Arabic speakers Damascus
59%
Highest average yearly temperature Khartoum
59%
Most Arabic speakers Amman
57%
Most opera performances Vienna
55%
Tallest building Taipei
53%
First alphabetically Abuja
52%
First alphabetically Accra
50%
Highest average yearly temperature N'Djamena
43%
Tallest building Kuwait City
42%
Highest average yearly temperature Bamako
38%
Lowest average yearly temperature Tallinn
38%
Highest average yearly temperature Niamey
37%
Highest average yearly temperature Ouagadougou
26%
Furthest from any other capital Dili
20%
Furthest from any other capital Ngerulmud
16%
No matching quizzes found
Score Distribution
Percent of People with Each Score
Percentile by Number Answered
Your Score History
You have not taken this quiz since the last reset